| 000 | 01026cam a22003257a 4500 | ||
|---|---|---|---|
| 003 | CHAP | ||
| 005 | 20220329141412.0 | ||
| 008 | 971013s1989 us r 00010 eng d | ||
| 010 | _a67587 | ||
| 011 | _a68559 | ||
| 035 | _a78032 | ||
| 040 | _cCHAP | ||
| 090 | _aFolleto 12242 | ||
| 100 | 0 | 0 |
_aFunk, V. A. _944052 |
| 245 | 1 | 2 | _aA bibliography of plant collectors in Bolivia |
| 260 |
_aWashington, D. C. : _bSmithsonian Institution Press, _c1989 |
||
| 300 | _a20 p. | ||
| 490 | 0 |
_aSmithsonian contributions to botany _v; 70 |
|
| 590 |
_aBATCH-UPD _b10 _c20130110 _lUCH01 _h1856 |
||
| 590 |
_aBATCH-UPD _b10 _c20130410 _lUCH01 _h1224 |
||
| 590 |
_aBATCH-UPD _b10 _c20130914 _lUCH01 _h0735 |
||
| 590 |
_aCONVERSION _b10 _c20130109 _lUCH01 _h1337 |
||
| 650 | 1 | 4 |
_aBotánica _xBibliografía. _914498 |
| 650 | 1 | 4 |
_aBotánicos. _914689 |
| 700 | 0 |
_aMori, Scott A. _978816 |
|
| 830 | 0 |
_aSmithsonian contributions to botany _v; 70 _9107168 |
|
| 901 | _aBK | ||
| 942 | _cFOLL | ||
| 949 |
_aFolleto 12242 _bBC _cFOLL _d-30905 _eTS1 _i78032 _si |
||
| 999 |
_c67587 _d67587 |
||